| 000 | 00439nam a22001697a 4500 | ||
|---|---|---|---|
| 003 | NUST - PNEC | ||
| 005 | 20170116180821.0 | ||
| 008 | 150618b xxu||||| |||| 00| 0 eng d | ||
| 040 | _cLIBRARY | ||
| 082 | _a355 SLA | ||
| 100 |
_94104 _aSlasil, Jalil |
||
| 245 |
_aCourt martial _cJalil Slasil |
||
| 260 |
_aKarachi: _bAl-Jalees Overseas Publishing services, |
||
| 300 |
_a287 p. : _c22 cm. |
||
| 650 | _xMilitry Laws | ||
| 942 |
_2ddc _cBK |
||
| 999 |
_c63735 _d63735 |
||